00241nam a2200109Ia 4500008004100000100001700041245001800058260001700076650001400093942000700107999001700114190216s9999||||xx |||||||||||||| ||und|| aSarah Thomas 0aPavizha Muthu bNbs Kottayam aMalayalam cBK c26139d26139